Statistics for Highest Rated MCU Movies

Click here to take the quiz!

General Stats

  • This quiz has been taken 18 times
    (12 since last reset)
  • The average score is 10 of 12

Answer Stats

HintAnswer% Correct
94%Avengers: Endgame
100%
96%Black Panther
100%
90%Captain America: The Winter Soldier
100%
94%Iron Man
100%
91%The Avengers
100%
92%Guardians of the Galaxy
83%
93%Spider-Man: No Way Home
83%
90%Spider-Man: Far From Home
75%
92%Spider-Man: Homecoming
75%
90%Captain America: Civil War
58%
93%Thor: Ragnarok
58%
91%Shang-Chi and the Legend of the Ten Rings
17%

Score Distribution

Percentile by Number Answered

Percent of People with Each Score

Your Score History

You have not taken this quiz since the last reset